Państwa które brały udział w Eurowizji 2025 - Statystyki

Ogólne statystyki
  • Ten quiz został rozwiązany 31 razy
  • Średni wynik to 34 z 37
Statystyki odpowiedzi
Wykonawca Tytuł Kraj % Poprawnych
JJ Wasted Love Austria
100%
Shkodra Elektronike Zjerm Albania
96%
Go-Jo Milkshake Man Australia
96%
Red Sebastian Strobe Lights Belgia
96%
Marko Bošnjak Poison Cake Chorwacja
96%
Nina Žižic Dobrodošli Czarnogóra
96%
Adonxs Kiss Kiss Goodbye Czechy
96%
Tommy Cash Espresso Macchiato Estonia
96%
Erika Vikman Ich Komme Finlandia
96%
Klavdia Asteromáta Grecja
96%
Melody Esa Diva Hiszpania
96%
Claude C’est La Vie Holandia
96%
Emmy Laika Party Irlandia
96%
Abor & Tynna Baller Niemcy
96%
Kyle Alessandro Lighter Norwegia
96%
Justyna Steczkowska Gaja Polska
96%
Gabry Ponte Tutta L’Italia San Marino
96%
Klemen How Much Time Do We Have Left Słowenia
96%
Zoë Më Voyage Szwajcaria
96%
KAJ Bara Bada Bastu Szwecja
96%
Ziferblat Bird of Pray Ukraina
96%
Remember Monday What The Hel Just Happened? Wielka Brytania
96%
Louane Maman Francja
92%
VÆB RÓA Islandia
92%
Katarsis Tavo Akys Litwa
92%
Tautumeitas Bur Man Laimi Łotwa
92%
Laura Thorn La Poupée Monte Le Son Luksemburg
92%
Miriana Conte Serving Malta
92%
Napa Deslocado Portugalia
92%
Lucio Corsi Volevo Essere Un Duro Włochy
92%
Parg Survivor Armenia
88%
Theo Evan Shh Cypr
88%
Sissal Hallucination Dania
88%
Yuval Raphael New Day Will Rise Izrael
88%
Princ Mila Serbia
88%
Mamagama Run With U Azerbejdżan
79%
Mariam Shengelia Freedom Gruzja
79%
Nie znaleziono quizów pasujących do podanych kryteriów
Rozkład punktacji
Procent ludzi z każdym wynikiem
Percentyl według liczby udzielonych odpowiedzi
Twoja historia wyników
Nie rozwiązałeś tego quizu